00343nam a2200145Ia 4500008004100000020001500041041000800056082001700064100002000081245001900101250000600120260004200126300001100168650001800179210716s1998 xx 000 0 und d a8120307593 aeng a005.133 HOLS aHolzner, Steve. aC programming. a1 aNew DelhibPHI Learning Pvt Ltdc1998 axv,573 aC Programming